| 000 | 00483nam a22001817a 4500 | ||
|---|---|---|---|
| 005 | 20240920133422.0 | ||
| 008 | 240918b |||||||| |||| 00| 0 eng d | ||
| 020 | _a978-93-87483-21-7 | ||
| 041 | _aeng | ||
| 082 | _a615.1 | ||
| 100 |
_aKUMAR, DR. M. SURENDRA AND KUMAR, DR. VIRENDRA _98525 |
||
| 245 | _aENVIRONMENTAL SCIENCES | ||
| 250 | _aRE-PRINT ED. 2023 | ||
| 260 |
_aLUCKNOW _bTHAKUR PUBLICATION PVT.LTD |
||
| 300 | _a144;P | ||
| 650 |
_aPHARMACY _xB.PHARMA |
||
| 942 | _cBK | ||
| 999 |
_c8654 _d8652 |
||